000
00344 a2200157 4500
001
184601
020
_a
0-582-47117-6
040
_c
Magnum
100
_a
Gram, Dewey
240
1
0
_a
Gladiator: a hero will rise
_l
por
245
1
0
_a
Gladiator: a hero will rise
300
_a
75
362
0
_a
2001
697
_a
LITERATURA INGLESA
942
_c
BK
999
_c
184601
_d
184601